01188nam a2200301Ia 450000100060000000300090000600800410001504000130005604000130006904100130008210000200009510000290011524000280014424000350017224200240020724200330023124200080026424500710027224500700034325000110041326000100042426000230043426000490045730000430050650002820054965000240083165000310085560328IT-RoPAU130308s9999 xx 000 0 und d aIT-RoPAU cIT-RoPAU aFRANCESE aHanslick Eduard gCodice Aut. SPICS: 5613 aVOM MUSIKALISCH-SCHONEN gCodice Tit. Orig. Spics: T1575 aBELLO MUSICALE (IL) nCod. Traduzione Titolo: 1420 yITA aDu beau dans la musique -Essai de reforme de l'esthetique musicale bDu beau Dans la Musique-Essai de reforme de L'Esthetique Musicale a1a ed. aPARIS bBourgois Crhistian c1986 [1° Ed.:1986 - Ed.Ling.Originale:1854] a"180 p. (prefazione: no ; testo: 180)" aEstetica del sentimento Espressione di sentimenti Non Costituisce Il Contenuto della Musica bello Musicale Analisi dell'Impressione soggettiva della Musica Percezione Estetica della Musica in Opposizione Alla Percezione patologica Musica e Natura contenuti e Forma nella Musica aLINGUAGGIO MUSICALE eCodice materia Spics: 7004